|
|
|
|
| LEADER |
00000nab a2200000 a 4500 |
| 001 |
vtls000272632 |
| 003 |
SK-MaSNL |
| 005 |
20260304053814.0 |
| 008 |
250422c1987 xo 0 slo |
| 015 |
|
|
|a SNBRB19rr/mm-uuuuu
|
| 035 |
|
|
|a CL0282746
|
| 035 |
|
|
|a urn:nbn:sk:snk-abelzq
|
| 035 |
|
|
|a (urnnbn)urn:nbn:sk:snk:ar-006y35
|
| 035 |
|
|
|a (uuid)942417de-2280-4eec-ba85-609281ce6809
|
| 040 |
|
|
|a SNKBUCL
|b slo
|c SNKBUCL
|e AACR2
|
| 041 |
0 |
|
|a slo
|
| 044 |
|
|
|a xo
|c SK
|
| 080 |
|
|
|a 639.3
|2 1981
|
| 100 |
1 |
|
|a Krupka, Ivan
|4 aut
|9 712607
|
| 245 |
1 |
0 |
|a Ryby v oteplených vodách
|c Ivan Krupka
|
| 650 |
0 |
7 |
|a ryby
|2 snkbucl
|9 2750
|
| 655 |
|
7 |
|a články z novín a časopisov
|2 snkbucl
|9 267496
|
| 773 |
0 |
|
|t Poľovníctvo a rybárstvo
|g Roč. 39, č. 3 (1987), s. 123
|
| 850 |
|
|
|a Slovenská národná knižnica
|
| 852 |
|
|
|a Slovenská národná knižnica
|
| 954 |
|
|
|a odborná, vedecká literatúra pôvodná (slovenská)
|2 lita
|
| 958 |
|
|
|a article27
|
| 958 |
|
|
|a RK
|
| 958 |
|
|
|a OND
|
| 958 |
|
|
|a EUIPO
|
| 992 |
|
|
|a RBX
|
| 999 |
|
|
|c 2715413
|d 2717343
|